00599nam a22001817a 450000500170000001000150001702000260003203500130005803700130007108200110008424500900009526000320018527000780021730000260029550000500032170000240037170000220039520150810112122.0 aENG-113641 a9781138795679c850.00 aEN-97173 bDBAD/PUB a335.43 aMarxim :cedited by Amiya Kumar Bagchi [and] Amita Chatterjeebwith the beyond Marx / aNew DelhibRoutledge c2014 a912 Tolstoy House, 15-17 Tolstoy Marg, Connaught PlacebNew Delhie110001 axxiii,279p.c23cm(Hb) aIncludes bibliographical references and index aBagchi, Amiya Kumar aChatterjee, Amita